00773nam a2200193 a 450000100060000000300080000600500170001400800410003103500190007204000220009104100080011308200290012110000520015024502590020226000480046130000200050950500140052965000360054383171BD-RjUL20240228104024.0240228n1965uuuuii 000 0 ara d a(BD-RjUL)83171 aNNLbaracBD-RjUL aara 223a016.091297bSHM 1965 a شير، سيد أطهر ;; Sher, Syed Athar10aمفتاح الكنوز : فهرست مخطوطات عربي مكتبة خدا بخش الشرقية العامة ;; miftah alkunuz : faharasat makhtutat earabiun maktabatan khadana bikhash alsharqiat aleama / /cسيد اطهر شير ;;Syed Athar Sher  aپتنه :bدريونين پريس. c1965 a١ ج.جلد 3. aVol. 3.-- 4aManuscripts, OrientalvCatalogs